000 00345 a2200133 4500
001 84301
082 _a629.134 RAY
090 _c40064
_d40063
100 _aRaymer,Daniel P
245 _aAircraft Design : A Conceptual approach
260 _aUSA
_bAIAA, Virginia
_c1992
300 _a822p.
_bPhotocopy
500 _aBE Textbook Aerospace Dept
942 _aNUST-CAE
_k629.134 RAY
999 _c319374
_d319374